Trade and conquest (Record no. 550915)

MARC details
000 -LEADER
fixed length control field 00741nam a2200253Ia 4500
003 - CONTROL NUMBER IDENTIFIER
control field OSt
005 - DATE AND TIME OF LATEST TRANSACTION
control field 20220925204957.0
008 - FIXED-LENGTH DATA ELEMENTS--GENERAL INFORMATION
fixed length control field 220923b |||||||| |||| 00| 0 eng d
020 ## - INTERNATIONAL STANDARD BOOK NUMBER
International Standard Book Number 0860783731
037 ## - SOURCE OF ACQUISITION
Terms of availability General Book
040 ## - CATALOGING SOURCE
Original cataloging agency RTL
Transcribing agency RTL
Language of cataloging eng
041 ## - LANGUAGE CODE
Source of code eng
Language code of text/sound track or separate title eng
100 ## - MAIN ENTRY--PERSONAL NAME
Personal name Marshall P J
9 (RLIN) 2505
245 #0 - TITLE STATEMENT
Title Trade and conquest
Remainder of title Studies on the rise of british
260 ## - PUBLICATION, DISTRIBUTION, ETC.
Place of publication, distribution, etc. Hamphsire
Name of publisher, distributor, etc. Scolar Press
Date of publication, distribution, etc. 1993
300 ## - PHYSICAL DESCRIPTION
Extent ix,various pagination
Dimensions cm.
490 ## - SERIES STATEMENT
Series statement Variorum Collected Studies Series, C S 409
650 ## - SUBJECT ADDED ENTRY--TOPICAL TERM
Topical term or geographic name entry element Imperialism
942 ## - ADDED ENTRY ELEMENTS (KOHA)
Classification part W:77.20k3.N, N3
Koha item type General Books
Source of classification or shelving scheme Colon Classification (CC)
Holdings
Withdrawn status Lost status Damaged status Not for loan Home library Current library Date acquired Total Checkouts Full call number Barcode Date last seen Price effective from Koha item type
        Ratan Tata Library Ratan Tata Library 2022-09-25   W:77.20k3.N N3 RT1133080 2022-09-25 2022-09-25 General Books
Copyright @ Delhi University Library System